01705nam a2200313 a 450000100060000000300080000600500170001400800410003103500190007204000270009104100080011808200180012610000390014424500800018325000120026326000320027530000270030750000240033450400510035850503440040965000330075365000300078694200120081699900170082895201440084595201350098995201350112495201320125935766BD-RjUL20211209052356.0140608s1948 enk 001 0 eng d a(BD-RjUL)35861 aMMMdBD-RjULbengcMMM aeng00bWAH 1948a3201 aWallas, Graham,d1858-1932.99183910aHuman nature in politics /cGraham Wallas ; with a foreword by A. L. Rowse. a4th ed. aLondon :bConstable,c1948. axxii, 301 p. ;c21 cm. aPrevious ed.: 1920. aIncludes bibliographical references and index.0 aIntroduction.--pt.I. The conditions of the problem: Impulse and instinct in politics. Political entities. Non-rational inference in politics. The material of political reasoning. The method of political reasoning.--pt. II. Possibilities of progress: Political morality. Representative government. Official thought. Nationality and humanity 0aPolitics, Practical.9108946 0aPolitical ethics.9108947 2ddccBK c35766d35766 00102ddc40718NFICaRUCLbRUCLcReadingd1958-03-11eCanadian High Commissionl0o320 WAH 1948r2014-06-08 00:00:00tC-1w2021-12-09yBK 00102ddc40708NFICaRUCLbRUCLcStackd1965-12-10eZeitlingerg25.00l0o320 WAH 1962r2014-06-11 00:00:00tC-3w2021-12-09yBK 00102ddc40708NFICaRUCLbRUCLcStackd1965-12-10eZeitlingerg25.00l0o320 WAH 1962r2014-06-11 00:00:00tC-4w2014-06-11yBK 00102ddc40708NFICaRUCLbRUCLcStackd1955-05-19fPak Co. g6.40l0o320 WAH 1948r2014-06-12 00:00:00tC-2w2014-06-12yBK